[Event "ARM-ch 74th"]
[Site "Yerevan"]
[Date "2014.01.14"]
[Round "3"]
[White "Melkumyan, Hrant"]
[Black "Pashikian, Arman"]
[Result "1/2-1/2"]
[WhiteElo "2625"]
[BlackElo "2605"]
[PlyCount "143"]
[EventDate "2014.01.12"]
[EventType "tourn"]
[EventRounds "9"]
[EventCountry "ARM"]
[EventCategory "14"]
[SourceTitle "CBM 159"]
[Source "ChessBase"]
[SourceDate "2014.03.17"]
[SourceVersion "1"]
[SourceVersionDate "2014.03.17"]
[SourceQuality "1"]

1. d4 Nf6 2. c4 e6 3. Nf3 d5 4. e3 c5 5. cxd5 exd5 6. Nc3 a6 7. Be2 Nc6 8. O-O Bd6 9. dxc5 Bxc5 10. b3 O-O 11. Bb2 Ba7 12. Qc2 ({RR} 12. Qd3 Be6 13. Rfd1 Qe7 14. Rd2 Rad8 15. Rad1 Bg4 16. Qb1 Bxf3 17. Bxf3 d4 18. exd4 Nxd4 19. Ne4 Nxf3+ 20. gxf3 Nxe4 21. Qxe4 Qg5+ 22. Qg4 Bxf2+ 23. Kf1 Qxg4 24. fxg4 Bh4 25. Rd7 h6 26. Bc3 Rxd7 {L'Ami,E (2565)-Sokolov,I (2676) Hilversum 2006 0-1 (45)}) ({RR} 12. Qd3 Be6 13. Rfd1 Qe7 14. Rd2 Rad8 15. Rad1 Bg4 16. Qb1 Bxf3 17. Bxf3 d4 18. exd4 Nxd4 19. Ne4 Nxf3+ 20. gxf3 Nxe4 21. Qxe4 Qg5+ 22. Qg4 Bxf2+ 23. Kf1 Qxg4 24. fxg4 Bh4 25. Rd7 h6 26. Bc3 Rxd7 {L'Ami,E (2565)-Sokolov,I (2676) Hilversum 2006 0-1 (45)}) 12... h6 ({RR} 12... Qe7 13. Rad1 Rd8 14. Rfe1 h6 15. Bd3 Nb4 16. Qb1 Nxd3 17. Qxd3 Bg4 18. Ne2 Ne4 19. Nf4 Bxf3 20. gxf3 Qg5+ 21. Ng2 Nc5 22. Qe2 Ne6 23. f4 Qf5 24. Kh1 Rac8 25. Rd2 Bb6 26. Rg1 Ba5 27. Rd3 {Royal,S (2523)-Gasanov,E (2460) Peterborough ENG 2026 1-0 (53)}) ({RR} 12... Qe7 13. Rad1 Rd8 14. Rfe1 h6 15. Bd3 Nb4 16. Qb1 Nxd3 17. Qxd3 Bg4 18. Ne2 Ne4 19. Nf4 Bxf3 20. gxf3 Qg5+ 21. Ng2 Nc5 22. Qe2 Ne6 23. f4 Qf5 24. Kh1 Rac8 25. Rd2 Bb6 26. Rg1 Ba5 27. Rd3 {Royal,S (2523)-Gasanov,E (2460) Peterborough ENG 2026 1-0 (53)}) 13. Rad1 Be6 14. Rfe1 $146 ({RR} 14. Qb1 Qe7 15. Bd3 Rfd8 16. Ne2 Bg4 17. Bf5 Bxf3 18. gxf3 d4 19. Nxd4 Nxd4 20. Bxd4 Bxd4 21. Rxd4 Rxd4 22. exd4 Rd8 23. Qd3 Rd5 24. Kh1 g6 25. Rg1 Kf8 26. Be4 Rh5 27. Qe3 Rh4 28. Bb1 Qd6 {Morchiashvili,B (2265)-Pidluznij,G (2422) Bialystok POL 2024 0-1 (46)}) ({RR} 14. Qb1 Qe7 15. Qa1 Rfd8 16. Nb1 Rac8 17. Rd2 Ne4 18. Rc2 f5 19. Bd3 Nb4 20. Rxc8 Bxc8 21. Bd4 Bxd4 22. Qxd4 Nxa2 23. Rd1 Nb4 24. Be2 Nc6 25. Qb2 Be6 26. Nc3 Qf6 27. Nd4 Nxd4 28. Rxd4 Rc8 {Celik,H (2483)-Panjwani,R (2430) Bajina Basta 2025 ½-½ (42)}) ({RR} 14. Qb1 Qe7 15. Bd3 Rfd8 16. Ne2 Bg4 17. Bf5 Bxf3 18. gxf3 d4 19. Nxd4 Nxd4 20. Bxd4 Bxd4 21. Rxd4 Rxd4 22. exd4 Rd8 23. Qd3 Rd5 24. Kh1 g6 25. Rg1 Kf8 26. Be4 Rh5 27. Qe3 Rh4 28. Bb1 Qd6 {Morchiashvili,B (2265)-Pidluznij,G (2422) Bialystok POL 2024 0-1 (46)}) ({RR} 14. Qb1 Qe7 15. Qa1 Rfd8 16. Nb1 Rac8 17. Rd2 Ne4 18. Rc2 f5 19. Bd3 Nb4 20. Rxc8 Bxc8 21. Bd4 Bxd4 22. Qxd4 Nxa2 23. Rd1 Nb4 24. Be2 Nc6 25. Qb2 Be6 26. Nc3 Qf6 27. Nd4 Nxd4 28. Rxd4 Rc8 {Celik,H (2483)-Panjwani,R (2430) Bajina Basta 2025 ½-½ (42)}) 14... Rc8 15. Qb1 Qe7 16. Bd3 d4 17. exd4 Nxd4 18. Nxd4 Bxd4 19. Bh7+ Nxh7 20. Rxd4 Nf6 21. Ne2 Rfe8 22. h3 Qc5 23. Ng3 Qc2 24. Qa1 Qg6 25. Rf4 Nd5 26. Rfe4 Bd7 27. Qd1 Rxe4 28. Rxe4 Be6 29. Kh2 Nc3 30. Bxc3 Rxc3 31. Re2 Rd3 32. Qc2 Kh7 33. Qc7 Rd7 34. Qf4 Qb1 35. Qe5 Qd3 36. Ne4 Rd5 37. Qb2 b6 38. Re3 Qd4 39. Qe2 a5 40. Nc3 Rc5 41. Qd3+ Qxd3 42. Rxd3 b5 43. a3 b4 44. axb4 axb4 45. Na2 Rc2 46. Nxb4 Rxf2 47. Nc6 Rb2 48. Na5 g5 49. Nc4 Bxc4 50. bxc4 Rc2 51. Rd4 Kg6 52. h4 f5 53. hxg5 hxg5 54. Kg1 Kf6 55. g4 f4 56. Re4 Rc3 57. Kf2 Rg3 58. Re1 Rxg4 59. c5 Rh4 60. Rc1 Ke7 61. c6 Kd8 62. c7+ Kc8 63. Rc5 g4 64. Rc4 g3+ 65. Kg1 Rg4 66. Kf1 Rh4 67. Kg1 g2 68. Rc3 Rg4 69. Rc4 Rh4 70. Rc3 f3 71. Rxf3 Kxc7 72. Kxg2 1/2-1/2

[Event "NED-ch"]
[Site "Amsterdam"]
[Date "2015.07.11"]
[Round "6"]
[White "Giri, Anish"]
[Black "L'Ami, Erwin"]
[Result "1-0"]
[WhiteElo "2791"]
[BlackElo "2628"]
[PlyCount "156"]
[EventDate "2015.07.05"]
[EventType "tourn"]
[EventRounds "7"]
[EventCountry "NED"]
[EventCategory "15"]
[SourceTitle "CBM 168"]
[Source "ChessBase"]
[SourceDate "2015.09.14"]
[SourceVersion "1"]
[SourceVersionDate "2015.09.14"]
[SourceQuality "1"]

1. c4 c5 2. Nc3 Nc6 3. Nf3 Nf6 4. e3 e6 5. d4 d5 6. cxd5 exd5 7. Bb5 Bd6 8. dxc5 Bxc5 9. O-O O-O 10. b3 Bg4 11. Bb2 a6 12. Bxc6 bxc6 13. Rc1 Bd6 14. Ne2 Rc8 15. Ne5 Bxe5 16. Bxe5 Qe7 $146 ({RR} 16... c5 17. h3 Bh5 18. Qe1 Ne4 19. f3 Re8 20. Bb2 Nf6 21. Qd2 Bg6 22. Nf4 c4 23. Bxf6 gxf6 24. Qd4 Re5 25. Rfd1 cxb3 26. axb3 Rxc1 27. Rxc1 Kg7 28. Rc5 Qb8 29. b4 Qd6 30. Rxd5 Qe7 31. e4 {Zhukova,N (2306)-Arabidze,M (2457) Monaco MNC 2025 1-0 (47)}) ({RR} 16... c5 17. h3 Bh5 18. Qe1 Ne4 19. f3 Re8 20. Bb2 Nf6 21. Qd2 Bg6 22. Nf4 c4 23. Bxf6 gxf6 24. Qd4 Re5 25. Rfd1 cxb3 26. axb3 Rxc1 27. Rxc1 Kg7 28. Rc5 Qb8 29. b4 Qd6 30. Rxd5 Qe7 31. e4 {Zhukova,N (2306)-Arabidze,M (2457) Monaco MNC 2025 1-0 (47)}) 17. Bxf6 Qxf6 18. f3 Bd7 19. Qd4 Qe7 20. Nc3 Rfe8 21. Rfe1 h5 22. Na4 Rb8 23. Nc5 a5 24. Qc3 Rb5 25. e4 Qd6 26. e5 Qe7 27. a3 Bf5 28. Qd4 Qg5 29. Kf2 Qg6 30. Re3 Qg5 31. Rce1 Qe7 32. Rc1 Qg5 33. Rcc3 Qe7 34. Kg1 Qg5 35. Kf1 Qe7 36. Kf2 Qg5 37. g3 Qe7 38. Kg2 Be6 39. h3 g6 40. Re1 Kg7 41. Rec1 Bc8 42. Re3 Be6 43. Re2 Kg8 44. Rd2 Bc8 45. Re2 Be6 46. Kh2 Kg7 47. Qc3 Kg8 48. Qd4 Kg7 49. Ree1 Kg8 50. Re3 Kg7 51. Re2 Kg8 52. Rc3 Kg7 53. Rg2 Kg8 54. g4 hxg4 55. fxg4 Kg7 56. Rf2 Qg5 57. b4 axb4 58. axb4 Kg8 59. Nd3 Bd7 60. Ra3 Rbb8 61. Ra7 Be6 62. Ra6 Bd7 63. Ra7 Be6 64. Kg3 Ra8 65. h4 Qh6 66. Nf4 g5 67. Nh5 Rxa7 68. Qxa7 gxh4+ 69. Kxh4 Kh8 70. g5 Qh7 71. Qd4 Qe4+ 72. Qxe4 dxe4 73. Nf6 Rb8 74. g6 fxg6 75. Kg5 Kg7 76. Rh2 Rb5 77. Ne8+ Kf8 78. Nc7 Bc4 1-0

[Event "Hasselbacken op"]
[Site "Stockholm"]
[Date "2016.05.07"]
[Round "8"]
[White "Tkachiev, Vladislav"]
[Black "Maze, Sebastien"]
[Result "1-0"]
[WhiteElo "2660"]
[BlackElo "2617"]
[PlyCount "167"]
[EventDate "2016.04.30"]
[EventType "swiss"]
[EventRounds "9"]
[EventCountry "SWE"]
[SourceTitle "CBM 172 Extra"]
[Source "ChessBase"]
[SourceDate "2016.06.21"]
[SourceVersion "1"]
[SourceVersionDate "2016.06.21"]
[SourceQuality "1"]

1. Nf3 Nf6 2. c4 e6 3. d4 d5 4. e3 c5 5. Nc3 Nc6 6. cxd5 exd5 7. Bb5 Bd7 8. O-O a6 9. Bxc6 Bxc6 10. b3 ({RR} 10. dxc5 Bxc5 11. b3 O-O 12. Bb2 Re8 13. Nd4 Bd7 14. Rc1 Bd6 15. Nce2 Rc8 16. Rxc8 Bxc8 17. Nf3 Bf5 18. Qa1 Be7 19. Rd1 Be4 20. Ng3 Qc8 21. Nd4 h5 22. h3 h4 23. Nxe4 dxe4 24. Rc1 Qd7 {Carlsen,M (2833)-Isik,A (2477) Norway NOR 2025 1-0 (56)}) ({RR} 10. Ne5 Bd6 11. Nxc6 bxc6 12. e4 dxe4 13. Bg5 cxd4 14. Nxe4 Be7 15. Bxf6 Bxf6 16. Nxf6+ Qxf6 17. Re1+ Kf8 18. Qd2 c5 19. Rac1 Rc8 20. b4 c4 21. Re4 c3 22. Qxd4 Qxd4 23. Rxd4 Ke7 24. Kf1 Rc6 {Wiedenkeller,M (2400)-Nasta,K (2188) Upplands Vasby SWE 2026 ½-½ (44)}) ({RR} 10. dxc5 Bxc5 11. b3 O-O 12. Bb2 Re8 13. Nd4 Bd7 14. Rc1 Bd6 15. Nce2 Rc8 16. Rxc8 Bxc8 17. Nf3 Bf5 18. Qa1 Be7 19. Rd1 Be4 20. Ng3 Qc8 21. Nd4 h5 22. h3 h4 23. Nxe4 dxe4 24. Rc1 Qd7 {Carlsen,M (2833)-Isik,A (2477) Norway NOR 2025 1-0 (56)}) ({RR} 10. Ne5 Bd6 11. Nxc6 bxc6 12. e4 dxe4 13. Bg5 cxd4 14. Nxe4 Be7 15. Bxf6 Bxf6 16. Nxf6+ Qxf6 17. Re1+ Kf8 18. Qd2 c5 19. Rac1 Rc8 20. b4 c4 21. Re4 c3 22. Qxd4 Qxd4 23. Rxd4 Ke7 24. Kf1 Rc6 {Wiedenkeller,M (2400)-Nasta,K (2188) Upplands Vasby SWE 2026 ½-½ (44)}) 10... Bd6 11. dxc5 Bxc5 12. Ne5 $146 ({RR} 12. Bb2 Ba7 13. Rc1 O-O 14. Ne2 Re8 15. Ned4 Rc8 16. Nxc6 Rxc6 17. Rxc6 bxc6 18. Qd3 a5 19. Rc1 Ne4 20. Nd4 Qh4 21. g3 Qh3 22. Rxc6 Nxf2 23. Qf5 Bxd4 24. Qxf2 Bxb2 25. Qxb2 Rxe3 26. Qd2 Re8 {Urazayev,A (2471)-Rietze,C (2367) chess.com INT 2024 1-0 (51)}) ({RR} 12. Bb2 Ba7 13. Rc1 O-O 14. Ne2 Re8 15. Ned4 Rc8 16. Nxc6 Rxc6 17. Rxc6 bxc6 18. Qd3 a5 19. Rc1 Ne4 20. Nd4 Qh4 21. g3 Qh3 22. Rxc6 Nxf2 23. Qf5 Bxd4 24. Qxf2 Bxb2 25. Qxb2 Rxe3 26. Qd2 Re8 {Urazayev,A (2471)-Rietze,C (2367) chess.com INT 2024 1-0 (51)}) ({RR} 12. Bb2 Ba7 13. Rc1 O-O 14. Ne2 Re8 15. Ned4 Rc8 16. Nxc6 Rxc6 17. Rxc6 bxc6 18. Qd3 a5 19. Rc1 Ne4 20. Nd4 Qh4 21. g3 Qh3 22. Rxc6 Nxf2 23. Qf5 Bxd4 24. Qxf2 Bxb2 25. Qxb2 Rxe3 26. Qd2 Re8 {Urazayev,A (2471)-Rietze,C (2367) chess.com INT 2024 1-0 (51)}) ({RR} 12. Bb2 Ba7 13. Rc1 O-O 14. Ne2 Re8 15. Ned4 Rc8 16. Nxc6 Rxc6 17. Rxc6 bxc6 18. Qd3 a5 19. Rc1 Ne4 20. Nd4 Qh4 21. g3 Qh3 22. Rxc6 Nxf2 23. Qf5 Bxd4 24. Qxf2 Bxb2 25. Qxb2 Rxe3 26. Qd2 Re8 {Urazayev,A (2471)-Rietze,C (2367) chess.com INT 2024 1-0 (51)}) 12... Rc8 13. Bb2 O-O 14. Nxc6 Rxc6 15. Rc1 Ba7 16. Ne2 Rxc1 17. Qxc1 Ne4 18. f3 Nf6 19. Rd1 Re8 20. Bd4 Bxd4 21. Nxd4 Qe7 22. Rd3 h5 23. Rc3 g6 24. Rc8 Rxc8 25. Qxc8+ Qe8 26. Qc3 Qe5 27. h3 Kg7 28. Kf2 Qd6 29. Ne2 Kh7 30. Qd4 Qc6 31. Nc3 Kg8 32. g4 hxg4 33. hxg4 Qd6 34. Kg2 Qe7 35. Kf1 Qe6 36. Ke2 Qd6 37. Kd1 Qe6 38. Kd2 Qe7 39. g5 Nh5 40. Qxd5 Ng3 41. Kd3 Qc7 42. f4 Qc8 43. Kc2 b5 44. a3 Qh3 45. Qd8+ Kg7 46. Qd4+ Kf8 47. Nd5 Qg2+ 48. Qd2 Qh1 49. Nf6 Qc6+ 50. Kb2 Ke7 51. e4 Qd6 52. Qe3 Kd8 53. Nd5 Nh5 54. Qa7 Nxf4 55. Qa8+ Kd7 56. Nf6+ Ke6 57. Qe8+ Qe7 58. Qc8+ Ke5 59. Qc3+ Ke6 60. Qc8+ Ke5 61. Qxa6 Nd3+ 62. Ka2 Kd4 63. Qxb5 Qc7 64. Qa4+ Ke5 65. Qb5+ Kd4 66. Qd7+ Qxd7 67. Nxd7 Kc3 68. b4 Kc4 69. Nc5 Nf2 70. e5 Ng4 71. e6 fxe6 72. Nxe6 Ne5 73. Kb2 Nf7 74. Kc2 Kd5 75. Nf4+ Kc4 76. Nxg6 Nxg5 77. Ne5+ Kd4 78. Nc6+ Kc4 79. Na5+ Kd4 80. Nb3+ Kc4 81. Nd2+ Kd4 82. Kb3 Ne6 83. a4 Kd3 84. Nf3 1-0

[Event "Abu Dhabi op 23rd"]
[Site "Abu Dhabi"]
[Date "2016.08.23"]
[Round "4"]
[White "Efimenko, Zahar"]
[Black "Savchenko, Boris"]
[Result "0-1"]
[WhiteElo "2661"]
[BlackElo "2602"]
[PlyCount "146"]
[EventDate "2016.08.21"]
[EventType "swiss"]
[EventRounds "9"]
[EventCountry "UAE"]
[SourceTitle "CBM 174 Extra"]
[Source "ChessBase"]
[SourceDate "2016.10.10"]
[SourceVersion "1"]
[SourceVersionDate "2016.10.10"]
[SourceQuality "1"]

1. Nf3 d5 2. g3 c5 3. Bg2 Nc6 4. d4 Nf6 5. O-O e6 6. c4 Be7 7. cxd5 exd5 8. Nc3 O-O 9. dxc5 Bxc5 10. b3 a6 11. Bb2 Qd6 $146 ({RR} 11... d4 12. Na4 Ba7 13. Rc1 Re8 14. a3 Bg4 15. b4 Qe7 16. h3 Bxf3 17. Bxf3 Ne4 18. Kg2 Rad8 19. Qc2 Qe6 20. Bxe4 Qxe4+ 21. Qxe4 Rxe4 22. Rfe1 f6 23. Nc5 Bxc5 24. Rxc5 d3 25. e3 Ne5 26. Bxe5 {Dienavorian Lacherian,M (2275)-Almada,E Uruguay 1983 1-0 (49)}) ({RR} 11... Ba7 12. Rc1 d4 13. Na4 Re8 14. Re1 Ne4 15. Rf1 Bg4 16. h3 Bh5 17. g4 Bg6 18. Rxc6 bxc6 19. Bxd4 Bxd4 20. Nxd4 Qf6 21. e3 h5 22. gxh5 Bh7 23. Qf3 Qxf3 24. Nxf3 c5 25. Rc1 Rac8 26. h4 {Turner,M (2521)-Schneider,D (2475) Daventry 2020 ½-½ (66)}) ({RR} 11... d4 12. Na4 Ba7 13. Rc1 Qd6 14. Nd2 Ne5 15. Qc2 Bg4 16. Bxb7 Rab8 17. Ne4 Nxe4 18. Bxe4 f5 19. Bg2 Rf7 20. Kh1 f4 21. gxf4 Ng6 22. Qc6 Qxc6 23. Bxc6 Bxe2 24. Bd5 Nxf4 25. Bxf7+ Kxf7 26. Rc7+ {Di Liberto,M (2274)-Baisalbekov,M (2053) Montesilvano ITA 2026 0-1 (52)}) ({RR} 11... Ba7 12. Rc1 Re8 13. Na4 Ne4 14. Nd4 Bd7 15. Nxc6 Bxc6 16. Bd4 Bxd4 17. Qxd4 Qg5 18. Rfd1 h5 19. f3 Nd6 20. e4 Rad8 21. Rc5 Qe7 22. exd5 Bxa4 23. bxa4 Nf5 24. Qc3 Qd6 25. f4 h4 26. Rd3 {Lebredo Zaragoitia,G-Lein,A Cienfuegos 1972 0-1 (61)}) ({RR} 11... d4 12. Na4 Ba7 13. Rc1 Re8 14. a3 Bg4 15. b4 Qe7 16. h3 Bxf3 17. Bxf3 Ne4 18. Kg2 Rad8 19. Qc2 Qe6 20. Bxe4 Qxe4+ 21. Qxe4 Rxe4 22. Rfe1 f6 23. Nc5 Bxc5 24. Rxc5 d3 25. e3 Ne5 26. Bxe5 {Dienavorian Lacherian,M (2275)-Almada,E Uruguay 1983 1-0 (49)}) ({RR} 11... Ba7 12. Rc1 d4 13. Na4 Re8 14. Re1 Ne4 15. Rf1 Bg4 16. h3 Bh5 17. g4 Bg6 18. Rxc6 bxc6 19. Bxd4 Bxd4 20. Nxd4 Qf6 21. e3 h5 22. gxh5 Bh7 23. Qf3 Qxf3 24. Nxf3 c5 25. Rc1 Rac8 26. h4 {Turner,M (2521)-Schneider,D (2475) Daventry 2020 ½-½ (66)}) ({RR} 11... d4 12. Na4 Ba7 13. Rc1 Qd6 14. Nd2 Ne5 15. Qc2 Bg4 16. Bxb7 Rab8 17. Ne4 Nxe4 18. Bxe4 f5 19. Bg2 Rf7 20. Kh1 f4 21. gxf4 Ng6 22. Qc6 Qxc6 23. Bxc6 Bxe2 24. Bd5 Nxf4 25. Bxf7+ Kxf7 26. Rc7+ {Di Liberto,M (2274)-Baisalbekov,M (2053) Montesilvano ITA 2026 0-1 (52)}) ({RR} 11... Ba7 12. Rc1 Re8 13. Na4 Ne4 14. Nd4 Bd7 15. Nxc6 Bxc6 16. Bd4 Bxd4 17. Qxd4 Qg5 18. Rfd1 h5 19. f3 Nd6 20. e4 Rad8 21. Rc5 Qe7 22. exd5 Bxa4 23. bxa4 Nf5 24. Qc3 Qd6 25. f4 h4 26. Rd3 {Lebredo Zaragoitia,G-Lein,A Cienfuegos 1972 0-1 (61)}) 12. Rc1 Rd8 13. Na4 Ba7 14. Nd4 Ne5 15. Qc2 Bg4 16. h3 Bd7 17. e3 Rac8 18. Nc3 b5 19. Nf5 Qe6 20. Nd4 Qd6 21. Nf5 Qf8 22. Qb1 g6 23. Nd4 Bxd4 24. exd4 Bf5 25. Qa1 Nd3 26. Rcd1 Qb4 27. g4 Nxb2 28. Qxb2 Bxg4 29. Nxd5 Nxd5 30. hxg4 Nc3 31. Rd3 Rxd4 32. a3 Qc5 33. Rfd1 Rcd8 34. Rxd4 Rxd4 35. Rxd4 Qxd4 36. Bf3 a5 37. b4 axb4 38. axb4 h6 39. Kg2 Kg7 40. Qb3 Qd2 41. Qa3 Qd4 42. Qb3 Qd2 43. Bc6 Kf8 44. Bf3 Na2 45. Bc6 Nxb4 46. Bxb5 Nc2 47. Bc4 Ne1+ 48. Kf1 Qc1 49. Ke2 Ng2 50. Kf3 Nh4+ 51. Ke2 Qf4 52. Kf1 Nf3 53. Qa3+ Kg7 54. Qc3+ Kh7 55. Be2 Nh2+ 56. Kg2 Nxg4 57. Bxg4 Qxg4+ 58. Kh2 Qf4+ 59. Kg2 h5 60. Qd3 Qe5 61. Qb3 Kg7 62. Qd3 h4 63. Qd7 Qe4+ 64. Kh2 g5 65. Qd6 Qf4+ 66. Qxf4 gxf4 67. Kh3 Kf6 68. Kxh4 Ke5 69. Kg5 Ke4 70. Kg4 f3 71. Kg3 f5 72. Kh2 Kd3 73. Kh3 Kd4 0-1

[Event "Moscow Petrosian Memorial"]
[Site "Moscow"]
[Date "2014.11.04"]
[Round "1"]
[White "Aronian, Levon"]
[Black "Gelfand, Boris"]
[Result "1/2-1/2"]
[WhiteElo "2797"]
[BlackElo "2759"]
[PlyCount "96"]
[EventDate "2014.11.04"]
[EventType "tourn"]
[EventRounds "7"]
[EventCountry "RUS"]
[EventCategory "20"]
[SourceTitle "CBM 164"]
[Source "ChessBase"]
[SourceDate "2015.01.15"]
[SourceVersion "1"]
[SourceVersionDate "2015.01.15"]
[SourceQuality "1"]

1. Nf3 c5 2. c4 Nc6 3. Nc3 Nf6 4. e3 e6 5. d4 d5 6. cxd5 exd5 7. Bb5 cxd4 8. Nxd4 Bd7 9. O-O Bd6 10. b3 O-O 11. Bb2 Re8 12. Nce2 Be5 13. Nxc6 bxc6 14. Bxe5 Rxe5 15. Ba4 $146 ({RR} 15. Bd3 c5 16. Rc1 Qb6 17. Qd2 Rc8 18. Rfd1 a5 19. Nf4 a4 20. Rc3 axb3 21. axb3 Rce8 22. h3 d4 23. exd4 cxd4 24. Rc4 Qxb3 25. Rxd4 Qxd1+ 26. Qxd1 Re1+ 27. Qxe1 Rxe1+ 28. Kh2 Re7 29. Nd5 Nxd5 {Ding,L (2791)-Giri,A (2764) chess24.com INT 2020 ½-½ (40)}) ({RR} 15. Bd3 c5 16. Rc1 Qb6 17. Qd2 Rc8 18. Rfd1 a5 19. Nf4 a4 20. Rc3 axb3 21. axb3 Rce8 22. h3 d4 23. exd4 cxd4 24. Rc4 Qxb3 25. Rxd4 Qxd1+ 26. Qxd1 Re1+ 27. Qxe1 Rxe1+ 28. Kh2 Re7 29. Nd5 Nxd5 {Ding,L (2791)-Giri,A (2764) chess24.com INT 2020 ½-½ (40)}) ({RR} 15. Bd3 c5 16. Rc1 Qb6 17. Qd2 Rc8 18. Rfd1 a5 19. Nf4 a4 20. Rc3 axb3 21. axb3 Rce8 22. h3 d4 23. exd4 cxd4 24. Rc4 Qxb3 25. Rxd4 Qxd1+ 26. Qxd1 Re1+ 27. Qxe1 Rxe1+ 28. Kh2 Re7 29. Nd5 Nxd5 {Ding,L (2791)-Giri,A (2764) chess24.com INT 2020 ½-½ (40)}) ({RR} 15. Bd3 c5 16. Rc1 Qb6 17. Qd2 Rc8 18. Rfd1 a5 19. Nf4 a4 20. Rc3 axb3 21. axb3 Rce8 22. h3 d4 23. exd4 cxd4 24. Rc4 Qxb3 25. Rxd4 Qxd1+ 26. Qxd1 Re1+ 27. Qxe1 Rxe1+ 28. Kh2 Re7 29. Nd5 Nxd5 {Ding,L (2791)-Giri,A (2764) chess24.com INT 2020 ½-½ (40)}) 15... c5 16. Bxd7 Qxd7 17. Rc1 Rc8 18. Qd2 Ree8 19. Rfd1 Qb7 20. Nc3 c4 21. bxc4 dxc4 22. Rb1 Qe7 23. Qd6 Qxd6 24. Rxd6 Ne4 25. Nxe4 Rxe4 26. Rc6 Ree8 27. Rxc8 Rxc8 28. Kf1 g6 29. Ke2 Rc5 30. Rb2 Ra5 31. Kf3 Ra4 32. Rc2 c3 33. Ke2 h5 34. Kd3 Ra3 35. Kc4 a5 36. g3 Kg7 37. f4 Kf6 38. Kd5 Ra4 39. e4 Ke7 40. Ke5 Ra3 41. h4 f6+ 42. Kd5 Kf7 43. e5 Ke7 44. e6 Ra4 45. Rxc3 Rxa2 46. Rc7+ Ke8 47. Rf7 Rd2+ 48. Kc5 f5 1/2-1/2

[Event "RUS-chT 22nd"]
[Site "Sochi"]
[Date "2015.05.02"]
[Round "2.1"]
[White "Jakovenko, Dmitrij"]
[Black "Dominguez Perez, Leinier"]
[Result "1/2-1/2"]
[WhiteElo "2742"]
[BlackElo "2729"]
[PlyCount "80"]
[EventDate "2015.05.01"]
[EventType "team-tourn"]
[EventRounds "7"]
[EventCountry "RUS"]
[SourceTitle "CBM 167"]
[Source "ChessBase"]
[SourceDate "2015.07.13"]
[SourceVersion "1"]
[SourceVersionDate "2015.07.13"]
[SourceQuality "1"]
[WhiteTeam "Novosibirsk Sibir"]
[BlackTeam "St Petersburg Bronze Horseman"]
[WhiteTeamCountry "RUS"]
[BlackTeamCountry "RUS"]

1. Nf3 Nf6 2. c4 c5 3. Nc3 Nc6 4. e3 e6 5. d4 d5 6. cxd5 exd5 7. Bb5 cxd4 8. Nxd4 Bd7 9. O-O Bd6 10. Be2 O-O 11. Ndb5 Bf5 ({RR} 11... Be6 12. Nxd6 Qxd6 13. b3 Rfd8 14. Bb2 a6 15. Bf3 Ne5 16. Ne2 Nxf3+ 17. gxf3 Bh3 18. Re1 Nd7 19. Nf4 Be6 20. Kh1 f6 21. Rg1 Bf7 22. Rg3 Ne5 23. Ne2 Bg6 24. Nd4 Rac8 25. f4 Nc6 26. h4 {Druska,J (2423)-Spiric,I (2150) Munich GER 2025 ½-½ (32)}) ({RR} 11... Be6 12. Nxd6 Qxd6 13. b3 Rfd8 14. Bb2 a6 15. Bf3 Ne5 16. Ne2 Nxf3+ 17. gxf3 Bh3 18. Re1 Nd7 19. Nf4 Be6 20. Kh1 f6 21. Rg1 Bf7 22. Rg3 Ne5 23. Ne2 Bg6 24. Nd4 Rac8 25. f4 Nc6 26. h4 {Druska,J (2423)-Spiric,I (2150) Munich GER 2025 ½-½ (32)}) 12. Nxd6 Qxd6 13. Nb5 $146 ({RR} 13. b3 a6 14. Bf3 Rad8 15. Ne2 Bg4 16. Bxg4 Nxg4 17. Ng3 f5 18. h3 Nge5 19. Ne2 d4 20. exd4 Nxd4 21. Qxd4 Qxd4 22. Nxd4 Rxd4 23. Be3 Rd5 24. Rfd1 Rfd8 25. Rxd5 Rxd5 26. Rc1 Nc6 27. Kf1 Kf7 {Gara,T (2331)-Heinemann,J (2336) Terme Catez 2021 ½-½ (33)}) ({RR} 13. b3 a6 14. Bf3 Rad8 15. Ne2 Bg4 16. Bxg4 Nxg4 17. Ng3 f5 18. h3 Nge5 19. Ne2 d4 20. exd4 Nxd4 21. Qxd4 Qxd4 22. Nxd4 Rxd4 23. Be3 Rd5 24. Rfd1 Rfd8 25. Rxd5 Rxd5 26. Rc1 Nc6 27. Kf1 Kf7 {Gara,T (2331)-Heinemann,J (2336) Terme Catez 2021 ½-½ (33)}) ({RR} 13. b3 a6 14. Bf3 Rad8 15. Ne2 Bg4 16. Bxg4 Nxg4 17. Ng3 f5 18. h3 Nge5 19. Ne2 d4 20. exd4 Nxd4 21. Qxd4 Qxd4 22. Nxd4 Rxd4 23. Be3 Rd5 24. Rfd1 Rfd8 25. Rxd5 Rxd5 26. Rc1 Nc6 27. Kf1 Kf7 {Gara,T (2331)-Heinemann,J (2336) Terme Catez 2021 ½-½ (33)}) ({RR} 13. b3 a6 14. Bf3 Rad8 15. Ne2 Bg4 16. Bxg4 Nxg4 17. Ng3 f5 18. h3 Nge5 19. Ne2 d4 20. exd4 Nxd4 21. Qxd4 Qxd4 22. Nxd4 Rxd4 23. Be3 Rd5 24. Rfd1 Rfd8 25. Rxd5 Rxd5 26. Rc1 Nc6 27. Kf1 Kf7 {Gara,T (2331)-Heinemann,J (2336) Terme Catez 2021 ½-½ (33)}) 13... Qe5 14. Nd4 Nxd4 15. exd4 Qd6 16. Qb3 Rfe8 17. Be3 Ng4 18. Bxg4 Bxg4 19. Rfc1 b6 20. Rc3 Rec8 21. Rac1 h6 22. Qb5 Rxc3 23. Rxc3 Rc8 24. Rxc8+ Bxc8 25. Qe8+ Qf8 26. Qc6 Be6 27. a3 Qc8 28. Qxc8+ Bxc8 29. Bf4 f6 30. f3 Kf7 31. Bb8 a6 32. Bc7 b5 33. Kf2 Ke6 34. Ke3 Bd7 35. Ba5 h5 36. h4 Kf5 37. Bb4 g5 38. hxg5 fxg5 39. Be7 Be8 40. Bd8 Bd7 1/2-1/2